| 000 | 00555nam a22001697a 4500 | ||
|---|---|---|---|
| 999 |
_c11887 _d11887 |
||
| 003 | AR-CdUCM | ||
| 008 | 190405b ||||| |||| 00| 0 spa d | ||
| 040 |
_aMUNICIPALIDAD PROVINCIAL DEL CUSCO _cBIBLIOTECA MUNICIPAL DEL CUSCO |
||
| 082 |
_22ed. _a869.4 / _bP45 / 1944 |
||
| 100 |
_aPerez de Ayala, Ramon _929487 |
||
| 245 |
_aPrometeo : _bluz de domingo, la caida de los limones / |
||
| 260 |
_aBuenos Aires : _bLosada, _c1944. |
||
| 300 |
_a171 páginas ; _c18 cm. |
||
| 650 |
_aNovela Argentina. _99108 |
||
| 942 |
_2ddc _cLIBROS |
||
| 945 |
_awfj _d2019-04-05 |
||